000 00540nam a2200205Ia 4500
003 OSt
005 20221220164601.0
008 210210b1995 xxu||||| |||| 00| 0 eng d
020 _a81 85339 99 6
040 _cAL
041 _aKonkani / Devanagari
082 _a891.461 VELH
100 _aVELUSKAR (Ramesh Bhagavant)
_967140
245 _aHiranyagarbh
_b हिरण्यगर्भ
260 _aGova
_bShatak Mahotsavi Prakashan
_c1995
300 _a85
690 _aKonkani Poetry
_967141
906 _a050311
942 _2ddc
_cBK
999 _c99252
_d99252